[Event "Dutch Championship 2015"]
[Site "Amsterdam NED"]
[Date "2015.07.08"]
[Round "4"]
[White "Giri, Anish"]
[Black "Bok, Benjamin"]
[Result "1-0"]
[WhiteElo "2791"]
[BlackElo "2562"]
[PlyCount "133"]
[EventDate "2015.07.05"]

1. d4 Nf6 2. c4 e6 3. Nf3 b6 4. g3 Ba6 5. b3 Bb4+ 6. Bd2 Be7 7. Bg2 c6 8. O-O
d5 9. Qc2 Nbd7 10. a4 O-O 11. Rd1 Qc8 12. e3 Rd8 13. Na3 Bb7 14. b4 c5 15. dxc5
bxc5 16. b5 Qc7 17. cxd5 exd5 18. Nd4 Ne4 19. Nf5 Bf8 20. a5 Rab8 21. a6 Ba8
22. Bxe4 dxe4 23. Nc4 Rxb5 24. Bc3 Rbb8 25. Qe2 g6 26. Qg4 Rb3 27. Ba5 Nb6 28.
Rdb1 Rxb1+ 29. Rxb1 Qc8 30. Bxb6 axb6 31. Qg5 f6 32. Qxf6 gxf5 33. Nxb6 Qb8 34.
Qe6+ Kg7 35. Qxf5 c4 36. Kg2 c3 37. Qg5+ Kf7 38. a7 Qd6 39. Nxa8 c2 40. Qf5+
Kg8 41. Ra1 Rxa8 42. Qxe4 c1=Q 43. Rxc1 Rxa7 44. Rc6 Qe7 45. Qc2 Qf7 46. Rc4
Ra6 47. e4 Ra3 48. Qe2 Ra6 49. h4 Re6 50. e5 Qb7+ 51. Kh2 Qd5 52. Qg4+ Rg6 53.
Qf4 Qf7 54. Qxf7+ Kxf7 55. f4 Re6 56. h5 Be7 57. Rc7 h6 58. Kh3 Ra6 59. Kg4 Rb6
60. Kf5 Ra6 61. g4 Kf8 62. g5 hxg5 63. fxg5 Bd8 64. Rc8 Ke7 65. h6 Ra1 66. h7
Rh1 67. Kg6 1-0

[Event "Dutch Championship 2015"]
[Site "Amsterdam NED"]
[Date "2015.07.08"]
[Round "4"]
[White "Pruijssers, Roeland"]
[Black "Van Wely, Loek"]
[Result "0-1"]
[WhiteElo "2507"]
[BlackElo "2647"]
[PlyCount "74"]
[EventDate "2015.07.05"]

1. e4 c5 2. Nf3 e6 3. d4 cxd4 4. Nxd4 Nc6 5. Nc3 d6 6. Be3 Nf6 7. Qd2 Be7 8. f3
O-O 9. O-O-O a6 10. g4 Nd7 11. h4 Nde5 12. Nxc6 bxc6 13. Be2 Rb8 14. h5 Qa5 15.
g5 d5 16. Qd4 Bd6 17. h6 c5 18. Qa4 Qb6 19. hxg7 Rd8 20. b3 d4 21. f4 dxe3 22.
fxe5 Bxe5 23. Qc4 Bd7 24. Bh5 Be8 25. Na4 Bxa4 26. Qxa4 Qc7 27. Rdf1 Rd7 28.
Qc4 Bxg7 29. c3 Qe5 30. Kb1 Qxc3 31. Qxc3 Bxc3 32. Rh3 Bd4 33. Be2 a5 34. Rfh1
a4 35. Bc4 axb3 36. axb3 Ra8 37. b4 Ra4 0-1

[Event "6th Hainan Danzhou 2015"]
[Site "Danzhou CHN"]
[Date "2015.07.09"]
[Round "7"]
[White "Wang Yue"]
[Black "Wang Chen"]
[Result "1-0"]
[WhiteElo "2716"]
[BlackElo "2521"]
[PlyCount "113"]
[EventDate "2015.07.02"]

1. Nf3 d5 2. g3 e6 3. Bg2 g6 4. O-O Bg7 5. d4 Ne7 6. Nbd2 O-O 7. e4 b6 8. Re1
Bb7 9. e5 c5 10. c3 a5 11. Nf1 Nbc6 12. Ne3 h6 13. h4 cxd4 14. cxd4 Ba6 15. a3
Rc8 16. b3 Kh7 17. Bh3 Rc7 18. Ng4 Ng8 19. Bf4 Rc8 20. Qd2 a4 21. bxa4 Na5 22.
Reb1 Nc4 23. Qd1 Qe7 24. Ne3 Qa7 25. Ng4 Bb7 26. Bf1 Bc6 27. Rb4 Rfd8 28. Bd3
Bf8 29. h5 Bxb4 30. axb4 Nb2 31. hxg6+ fxg6 32. Bxg6+ Kxg6 33. Qb1+ Kg7 34.
Qxb2 Qf7 35. Qd2 Qh5 36. Nfh2 Be8 37. Ne3 Qh3 38. a5 bxa5 39. bxa5 Ne7 40. a6
Ra8 41. Ng2 Qh5 42. g4 Qg6 43. Bg3 Rdb8 44. Nf4 Rb1+ 45. Kg2 Rxa1 46. Nxg6 Bxg6
47. Bh4 Ra7 48. Bf6+ Kh7 49. Qb4 Ng8 50. Nf3 R1xa6 51. Nh4 Bd3 52. Kg3 Rc6 53.
Ng2 Bc2 54. Nf4 Rf7 55. f3 Rfc7 56. Qf8 Ra6 57. Qe8 1-0

[Event "6th Hainan Danzhou 2015"]
[Site "Danzhou CHN"]
[Date "2015.07.09"]
[Round "7"]
[White "Yu Yangyi"]
[Black "Bruzon Batista, L."]
[Result "1/2-1/2"]
[WhiteElo "2736"]
[BlackElo "2669"]
[PlyCount "90"]
[EventDate "2015.07.02"]

1. e4 e5 2. Nf3 Nc6 3. Bb5 a6 4. Ba4 Nf6 5. O-O Be7 6. Re1 b5 7. Bb3 d6 8. c3
O-O 9. h3 Bb7 10. d4 Re8 11. Nbd2 Bf8 12. Bc2 Nb8 13. a4 Nbd7 14. Bd3 c6 15.
Nf1 d5 16. Bg5 dxe4 17. Rxe4 c5 18. dxe5 Bxe4 19. Bxe4 Rb8 20. axb5 axb5 21.
Bc6 Qc7 22. Ra6 Re6 23. exf6 Rxc6 24. Bf4 Qxf4 25. Rxc6 Nxf6 26. Ne3 h6 27. Ra6
Qe4 28. b3 c4 29. bxc4 bxc4 30. Ra1 Bc5 31. Nd2 Qd3 32. Ndxc4 Qxc3 33. Rc1 Qb3
34. Qxb3 Rxb3 35. Nd2 Rxe3 36. Rxc5 Re1+ 37. Nf1 g6 38. Rc2 Kg7 39. g3 Re7 40.
Kg2 Rd7 41. Rb2 Ne4 42. Re2 Nc5 43. Rc2 Ne4 44. Re2 Nc5 45. Rc2 Ne4 1/2-1/2

[Event "6th Hainan Danzhou 2015"]
[Site "Danzhou CHN"]
[Date "2015.07.09"]
[Round "7"]
[White "Lu Shanglei"]
[Black "Bu Xiangzhi"]
[Result "1/2-1/2"]
[WhiteElo "2595"]
[BlackElo "2695"]
[PlyCount "109"]
[EventDate "2015.07.02"]

1. e4 e5 2. Bc4 Nf6 3. d3 Nc6 4. Nf3 Bc5 5. O-O d6 6. c3 a6 7. Re1 Ba7 8. Bb3
h6 9. Nbd2 Nh5 10. Nf1 Qf6 11. Be3 Bg4 12. Bxa7 Bxf3 13. Qxf3 Qxf3 14. gxf3
Rxa7 15. Rad1 Nf4 16. d4 f6 17. Ne3 Ne7 18. Kh1 Ra8 19. Rg1 Nh3 20. Rg2 Kf8 21.
Rd2 g6 22. Rg3 Nf4 23. Kg1 Kg7 24. Kf1 Rhd8 25. Ke1 h5 26. Kd1 exd4 27. cxd4 d5
28. Ng2 Nxg2 29. Rxg2 Rd6 30. Ke2 Re8 31. e5 fxe5 32. dxe5 Rdd8 33. Rd1 c5 34.
Bc2 Rc8 35. f4 Kh6 36. Rxd5 Nxd5 37. Rxg6+ Kh7 38. Rd6+ Kg7 39. Rxd5 Red8 40.
Be4 Rxd5 41. Bxd5 c4 42. Ke3 c3 43. bxc3 Rxc3+ 44. Ke4 Rc2 45. Kf5 Rxf2 46. Kg5
Rxh2 47. f5 Re2 48. f6+ Kf8 49. Kf5 Rd2 50. Bxb7 Rf2+ 51. Kg5 Rxa2 52. e6 Re2
53. e7+ Rxe7 54. fxe7+ Kxe7 55. Bxa6 1/2-1/2

[Event "6th Hainan Danzhou 2015"]
[Site "Danzhou CHN"]
[Date "2015.07.09"]
[Round "7"]
[White "Ni Hua"]
[Black "Wei Yi"]
[Result "1/2-1/2"]
[WhiteElo "2703"]
[BlackElo "2724"]
[PlyCount "107"]
[EventDate "2015.07.02"]

1. Nf3 Nf6 2. c4 g6 3. Nc3 d5 4. cxd5 Nxd5 5. h4 Bg7 6. e4 Nxc3 7. dxc3 Qxd1+
8. Kxd1 Nd7 9. Bc4 Nf6 10. Re1 Ng4 11. Ke2 Bd7 12. a4 e6 13. h5 O-O-O 14. Rh1
f5 15. Ng5 Rde8 16. Bf4 gxh5 17. Rxh5 h6 18. Nf7 Rhf8 19. Nxh6 Nf6 20. Rh4 Nxe4
21. Be3 e5 22. Bf7 Re7 23. Bg6 Nd6 24. g4 f4 25. Bc5 Bxh6 26. Rxh6 Bxg4+ 27. f3
Be6 28. a5 Rg8 29. Rd1 Bc4+ 30. Kf2 e4 31. Bxd6 e3+ 32. Ke1 cxd6 33. Rd4 Bf7
34. Rxd6 Bb3 35. Rd4 Kb8 36. Rxf4 Re5 37. Re4 Rxe4 38. Bxe4 Rg2 39. Bd3 Rd2 40.
Rh8+ Kc7 41. Rh7+ Kd6 42. a6 b6 43. Bb5 Bd5 44. c4 Bxf3 45. Rd7+ Kc5 46. Rxd2
exd2+ 47. Kxd2 Kb4 48. Kd3 Bg4 49. Bc6 Bc8 50. Bb7 Be6 51. Bd5 Bc8 52. Bb7 Be6
53. Bd5 Bc8 54. Kd4 1/2-1/2

[Event "Dutch Championship 2015"]
[Site "Amsterdam NED"]
[Date "2015.07.10"]
[Round "5"]
[White "Bok, B."]
[Black "Pruijssers, R."]
[Result "1-0"]
[WhiteElo "2562"]
[BlackElo "2507"]
[PlyCount "115"]
[EventDate "2015.07.05"]

1. e4 e5 2. Nf3 Nc6 3. Bb5 a6 4. Ba4 Nf6 5. O-O Nxe4 6. d4 b5 7. Bb3 d5 8. dxe5
Be6 9. Nbd2 Nc5 10. c3 Be7 11. Bc2 d4 12. Nb3 d3 13. Bb1 Nxb3 14. axb3 Bf5 15.
Be3 O-O 16. Re1 Qd5 17. Bd4 Nd8 18. b4 Ne6 19. Bxd3 Bxd3 20. Qxd3 Rfd8 21. Qe2
Bxb4 22. cxb4 Nxd4 23. Nxd4 Qxd4 24. e6 fxe6 25. Qxe6+ Kh8 26. Rxa6 Rf8 27.
Rxa8 Qxf2+ 28. Kh1 Rxa8 29. Qe8+ Qf8 30. Qxb5 Rb8 31. Qc6 h6 32. Qxc7 Qxb4 33.
Re2 Rf8 34. h3 Qd4 35. Kh2 Qb4 36. Qe5 Rc8 37. Re3 Rc5 38. Qd6 Qb5 39. Qf8+ Kh7
40. Re8 Qc4 41. Rd8 Re5 42. Qh8+ Kg6 43. Rd6+ Kh5 44. g4+ Kh4 45. Rxh6+ Kg5 46.
Qxg7+ Kf4 47. Qf6+ Ke4 48. Qc6+ Qxc6 49. Rxc6 Rb5 50. Re6+ Kf4 51. Rf6+ Ke4 52.
Rf2 Rb3 53. g5 Ke5 54. h4 Ke6 55. g6 Rb8 56. Kg3 Ra8 57. h5 Rb8 58. g7 1-0

[Event "Dutch Championship 2015"]
[Site "Amsterdam NED"]
[Date "2015.07.10"]
[Round "5"]
[White "L'Ami, E."]
[Black "Van Kampen, R."]
[Result "1/2-1/2"]
[WhiteElo "2628"]
[BlackElo "2609"]
[PlyCount "66"]
[EventDate "2015.07.05"]

1. d4 Nf6 2. c4 e6 3. Nf3 d5 4. Nc3 Nbd7 5. Bf4 dxc4 6. e3 a6 7. a4 Bd6 8. Bxd6
cxd6 9. Bxc4 O-O 10. O-O d5 11. Bd3 b6 12. b4 Bb7 13. b5 Qe7 14. Qb3 Rfc8 15.
Rfc1 a5 16. Ne2 Qf8 17. h3 Rxc1+ 18. Rxc1 Rc8 19. Rc2 Rxc2 20. Bxc2 Qd6 21. Qb2
Ne4 22. Ne5 f6 23. Nd3 Qc7 24. f3 Ng3 25. Nxg3 Qxg3 26. Qc3 Qd6 27. Bb3 Kf8 28.
Kf2 g5 29. f4 h6 30. g4 Kf7 31. Bd1 Nf8 32. Bf3 Ng6 33. Qc1 Ke8 1/2-1/2

[Event "Dutch Championship 2015"]
[Site "Amsterdam NED"]
[Date "2015.07.10"]
[Round "5"]
[White "Van Wely, L."]
[Black "Tiviakov, S."]
[Result "1/2-1/2"]
[WhiteElo "2647"]
[BlackElo "2639"]
[PlyCount "49"]
[EventDate "2015.07.05"]

1. d4 Nf6 2. c4 e6 3. Nf3 b6 4. g3 Bb7 5. Bg2 Be7 6. O-O O-O 7. Nc3 Na6 8. Bf4
Ne4 9. Qc2 Nb4 10. Qa4 Nxc3 11. bxc3 Na6 12. e4 d6 13. Rfe1 Nb8 14. Rad1 Nd7
15. e5 Qe8 16. Qc2 dxe5 17. Bxe5 Nxe5 18. Nxe5 Bxg2 19. Kxg2 Bd6 20. d5 exd5
21. Ng6 hxg6 22. Rxe8 Rfxe8 23. cxd5 Re5 24. h4 Rae8 25. Qd3 1/2-1/2

[Event "Dutch Championship 2015"]
[Site "Amsterdam NED"]
[Date "2015.07.10"]
[Round "5"]
[White "Ernst, S."]
[Black "Giri, A."]
[Result "0-1"]
[WhiteElo "2545"]
[BlackElo "2791"]
[PlyCount "62"]
[EventDate "2015.07.05"]

1. d4 d5 2. c4 e6 3. Nc3 c6 4. e3 Nf6 5. Nf3 Nbd7 6. Qc2 Bd6 7. b3 O-O 8. Be2
b6 9. O-O Bb7 10. Bb2 Qe7 11. Rad1 Rad8 12. Rfe1 Rfe8 13. Bd3 e5 14. cxd5 cxd5
15. dxe5 Nxe5 16. Nd4 Nxd3 17. Qxd3 Bb8 18. Nce2 Ne4 19. Ng3 f6 20. Rc1 Qf7 21.
Qe2 Qg6 22. Red1 Rc8 23. Rxc8 Rxc8 24. Qb5 Nc5 25. Qe2 Re8 26. Ba3 Be5 27. Qc2
Ne4 28. Nxe4 dxe4 29. Nc6 Bxh2+ 30. Kxh2 Qh5+ 31. Kg3 g5 0-1

[Event "6th Hainan Danzhou 2015"]
[Site "Danzhou CHN"]
[Date "2015.07.10"]
[Round "8"]
[White "Wang, Chen"]
[Black "Wei, Yi"]
[Result "0-1"]
[WhiteElo "2521"]
[BlackElo "2724"]
[PlyCount "56"]
[EventDate "2015.07.02"]

1. e4 c5 2. Nf3 Nc6 3. Bb5 g6 4. O-O Bg7 5. c3 Nf6 6. Qe2 O-O 7. h3 Qb6 8. Ba4
d5 9. e5 Nd7 10. Bxc6 bxc6 11. d3 f6 12. exf6 exf6 13. c4 Ba6 14. Qe6+ Rf7 15.
Nc3 Nf8 16. Qe2 dxc4 17. dxc4 Qb4 18. Nd2 f5 19. Qf3 Rc8 20. a3 Qb8 21. Re1 Re8
22. Rxe8 Qxe8 23. Qe3 Re7 24. Qxc5 Re1+ 25. Kh2 Ne6 26. Qxa7 Bd4 27. Qxa6 Qb8+
28. g3 Bxf2 0-1

[Event "6th Hainan Danzhou 2015"]
[Site "Danzhou CHN"]
[Date "2015.07.10"]
[Round "8"]
[White "Bu, Xiangzhi"]
[Black "Ni, Hua"]
[Result "1/2-1/2"]
[WhiteElo "2695"]
[BlackElo "2703"]
[PlyCount "52"]
[EventDate "2015.07.02"]

1. d4 Nf6 2. c4 e6 3. Nc3 Bb4 4. Qc2 d5 5. cxd5 exd5 6. Bg5 h6 7. Bxf6 Qxf6 8.
a3 Bxc3+ 9. Qxc3 c6 10. e3 O-O 11. Nf3 Bf5 12. Be2 Nd7 13. O-O Bg4 14. Qb4 Bxf3
15. Bxf3 Rfb8 16. Bg4 a5 17. Qb3 Qd6 18. Bxd7 Qxd7 19. Rac1 a4 20. Qb4 Qd8 21.
Rc5 Ra6 22. Rfc1 Qb6 23. Qd2 Qd8 24. Qb4 Qb6 25. Qd2 Qd8 26. Qb4 Qb6 1/2-1/2

[Event "6th Hainan Danzhou 2015"]
[Site "Danzhou CHN"]
[Date "2015.07.10"]
[Round "8"]
[White "Bruzon Batista, Lazaro"]
[Black "Sasikiran, Krishnan"]
[Result "0-1"]
[WhiteElo "2669"]
[BlackElo "2640"]
[PlyCount "76"]
[EventDate "2015.07.02"]

1. Nf3 Nf6 2. c4 g6 3. Nc3 Bg7 4. e4 d6 5. d4 O-O 6. Be2 e5 7. O-O Nc6 8. d5
Ne7 9. a4 a5 10. Ne1 Nd7 11. Nd3 f5 12. f3 Kh8 13. Bd2 c6 14. Kh1 Nf6 15. dxc6
bxc6 16. c5 d5 17. Nxe5 d4 18. Qb3 Nxe4 19. Nxe4 fxe4 20. fxe4 Bxe5 21. Rxf8+
Qxf8 22. Rf1 Qe8 23. Bh6 Rb8 24. Qd1 Ng8 25. Rf8 Qe7 26. Bc4 Be6 27. Rxb8 Qh4
28. Qg1 Bxc4 29. Re8 Qxe4 30. Bg5 Kg7 31. Bd2 Bf7 32. Rd8 Nf6 33. Bxa5 Bd5 34.
Bd2 Qe2 35. Bg5 Ne4 36. Rd7+ Kg8 37. Rd8+ Kf7 38. Rd7+ Ke6 0-1

[Event "6th Hainan Danzhou 2015"]
[Site "Danzhou CHN"]
[Date "2015.07.10"]
[Round "8"]
[White "Wang, Yue"]
[Black "Yu, Yangyi"]
[Result "1/2-1/2"]
[WhiteElo "2716"]
[BlackElo "2736"]
[PlyCount "80"]
[EventDate "2015.07.02"]

1. d4 Nf6 2. c4 e6 3. Nf3 d5 4. g3 Bb4+ 5. Bd2 Be7 6. Bg2 O-O 7. O-O c6 8. Qc2
Nbd7 9. Bf4 b6 10. Rd1 Bb7 11. Nc3 dxc4 12. Nd2 Nd5 13. Nxc4 Nxf4 14. gxf4 Qc7
15. e3 Rad8 16. Rac1 c5 17. d5 exd5 18. Nxd5 Bxd5 19. Rxd5 b5 20. Ne5 Nxe5 21.
Rxe5 Bd6 22. Rd5 Be7 23. Re5 Bd6 24. Rd5 Be7 25. Rcd1 Rxd5 26. Rxd5 Rd8 27.
Rxd8+ Qxd8 28. a4 a6 29. axb5 axb5 30. Bc6 b4 31. Bb5 g6 32. b3 Kg7 33. Qd3
Qxd3 34. Bxd3 f5 35. Kg2 Bf6 36. Bc4 Bc3 37. h3 Kf6 38. Bg8 Kg7 39. Bc4 Kf6 40.
Bg8 Kg7 1/2-1/2

[Event "6th Hainan Danzhou 2015"]
[Site "Danzhou CHN"]
[Date "2015.07.11"]
[Round "9"]
[White "Yu Yangyi"]
[Black "Wang Chen"]
[Result "1/2-1/2"]
[WhiteElo "2736"]
[BlackElo "2521"]
[PlyCount "111"]
[EventDate "2015.07.02"]

1. e4 c5 2. Nf3 e6 3. d4 cxd4 4. Nxd4 Nc6 5. Nc3 Qc7 6. Be3 a6 7. Qd2 d6 8.
O-O-O Bd7 9. Kb1 Nf6 10. f3 h5 11. h3 Be7 12. Bd3 h4 13. Rhe1 Rc8 14. Nxc6 Bxc6
15. Ne2 Bd7 16. Bg5 Qc5 17. Be3 Qc7 18. c4 Kf8 19. Bg5 Rh5 20. f4 Be8 21. Nd4
Nd7 22. Be2 Rxg5 23. fxg5 Ne5 24. Qf4 Kg8 25. Qxh4 Qd8 26. Qg3 Bxg5 27. Qb3 Bf6
28. Rf1 Nd7 29. Rxf6 Nc5 30. Rxf7 Nxb3 31. Rxg7+ Kh8 32. axb3 Qf6 33. Rxb7 Bg6
34. Ka2 Bxe4 35. Rb6 Qd8 36. Rxa6 Ra8 37. Ra4 Rxa4+ 38. bxa4 Qa5 39. Ka3 Qc5+
40. b4 Qg5 41. Bd3 Qg3 42. Nf3 Bxf3 43. gxf3 Qxf3 44. Rd2 Qe3 45. Rd1 e5 46.
Kb2 Qd4+ 47. Kc2 e4 48. Be2 Qe3 49. Bg4 Qa3 50. Rxd6 Qxb4 51. Rd4 e3 52. Kd3
Qd2+ 53. Ke4 Qf2 54. Kd3 Qd2+ 55. Ke4 Qf2 56. Kd3 1/2-1/2

[Event "6th Hainan Danzhou 2015"]
[Site "Danzhou CHN"]
[Date "2015.07.11"]
[Round "9"]
[White "Sasikiran, K."]
[Black "Wang Yue"]
[Result "1/2-1/2"]
[WhiteElo "2640"]
[BlackElo "2716"]
[PlyCount "79"]
[EventDate "2015.07.02"]

1. d4 Nf6 2. c4 e6 3. Nf3 d5 4. Nc3 c5 5. cxd5 Nxd5 6. e4 Nxc3 7. bxc3 cxd4 8.
cxd4 Bb4+ 9. Bd2 Bxd2+ 10. Qxd2 O-O 11. Bc4 Nd7 12. O-O b6 13. Rfe1 Bb7 14. a4
Rc8 15. Bd3 Qc7 16. a5 Rfd8 17. Ra3 h6 18. h3 Qd6 19. Qb2 Rc7 20. axb6 axb6 21.
d5 Nc5 22. Bb1 exd5 23. e5 Qe7 24. Nd4 Ne4 25. Nb5 Rc4 26. Ra7 Rb4 27. Qa3 Qc5
28. Bxe4 Rxb5 29. Bh7+ Kxh7 30. Qd3+ Kg8 31. Rxb7 Qc6 32. e6 Qxb7 33. Qxb5 fxe6
34. Rxe6 Qd7 35. Rxb6 Qxb5 36. Rxb5 Kf7 37. Kf1 Ke6 38. Ke2 Kf6 39. Rb7 Re8+
40. Kd3 1/2-1/2

[Event "6th Hainan Danzhou 2015"]
[Site "Danzhou CHN"]
[Date "2015.07.11"]
[Round "9"]
[White "Lu Shanglei"]
[Black "Bruzon Batista, L."]
[Result "0-1"]
[WhiteElo "2595"]
[BlackElo "2669"]
[PlyCount "46"]
[EventDate "2015.07.02"]

1. Nc3 e5 2. Nf3 Nc6 3. d4 exd4 4. Nxd4 Nf6 5. g3 Bb4 6. Bg2 O-O 7. O-O Bxc3 8.
bxc3 Re8 9. Rb1 h6 10. Re1 Ne4 11. Nxc6 bxc6 12. Qd4 c5 13. Qd3 d5 14. Ba3 Qf6
15. Bxe4 dxe4 16. Qe3 Qa6 17. Bxc5 Qxa2 18. Ra1 Qxc2 19. Rec1 Qb3 20. Rcb1 Qc4
21. Rxa7 Rxa7 22. Bxa7 Bg4 23. Rb4 Qa2 0-1

[Event "6th Hainan Danzhou 2015"]
[Site "Danzhou CHN"]
[Date "2015.07.11"]
[Round "9"]
[White "Wei Yi"]
[Black "Bu Xiangzhi"]
[Result "1/2-1/2"]
[WhiteElo "2724"]
[BlackElo "2695"]
[PlyCount "204"]
[EventDate "2015.07.02"]

1. e4 e5 2. Nf3 Nf6 3. Nxe5 d6 4. Nf3 Nxe4 5. Nc3 Nxc3 6. dxc3 Be7 7. Be3 Nc6
8. Qd2 Be6 9. O-O-O Qd7 10. Kb1 Bf6 11. h3 h5 12. Nd4 Bxd4 13. Bxd4 f6 14. Be2
O-O-O 15. Rhe1 Rde8 16. Be3 Bf7 17. b3 Re7 18. f3 Rhe8 19. Bf2 a6 20. h4 Re5
21. Bf1 Rd5 22. Qf4 Rxe1 23. Rxe1 Re5 24. Rd1 Bg6 25. Kb2 Re7 26. Qd2 Re8 27.
Be1 Re7 28. Qf2 Qe6 29. Bd2 Qe5 30. Re1 Qa5 31. Be3 Qe5 32. a4 Kd7 33. Qd2 Kc8
34. Bf2 Qf5 35. Rd1 Qd7 36. Be1 Qe6 37. Bf2 Qd7 38. Ra1 Qe6 39. Bc4 Qd7 40. Bf1
Qe6 41. a5 Qe5 42. Bc4 Qf5 43. Ra4 Qd7 44. Bf1 Qe6 45. c4 Qe5+ 46. Qc3 Qxc3+
47. Kxc3 Re5 48. b4 Ne7 49. Ra1 Nf5 50. Bd3 Ne7 51. Bf1 Nf5 52. Kd2 Be8 53. Bd3
Bd7 54. b5 g5 55. g3 axb5 56. f4 gxf4 57. gxf4 Re7 58. cxb5 Nh6 59. a6 bxa6 60.
bxa6 Kb8 61. Bd4 Ng4 62. Be2 Bc6 63. Ra5 Rh7 64. Bd3 Rh6 65. c4 Rh8 66. Bg6 Rg8
67. Bxh5 Be4 68. c5 Nh2 69. cxd6 cxd6 70. Bxf6 Nf1+ 71. Kc3 Rg3+ 72. Kb4 Ne3
73. Rb5+ Kc7 74. Rg5 Nc2+ 75. Kc4 Ra3 76. Rg7+ Kb6 77. Bd4+ Ka5 78. Be8 Rf3 79.
Rg5+ Kxa6 80. Bb5+ Kb7 81. Rg7+ Kb8 82. Rg8+ Kb7 83. Rg7+ Kb8 84. Ba7+ Ka8 85.
Ba4 Rxf4 86. Kb5 Bb7 87. Kb6 Rb4+ 88. Bb5 Rxb5+ 89. Kxb5 Kxa7 90. h5 Nd4+ 91.
Kc4 Nf5 92. Rf7 Nh6 93. Rf6 Ng8 94. Rf8 Nh6 95. Kd4 Kb6 96. Ke3 Bd5 97. Kf4 Nf7
98. Rg8 Kc6 99. Rg6 Kd7 100. h6 Nxh6 101. Rxh6 Kc6 102. Rxd6+ Kxd6 1/2-1/2

[Event "Dutch Championship 2015"]
[Site "Amsterdam NED"]
[Date "2015.07.11"]
[Round "6"]
[White "Giri, A."]
[Black "L'Ami, E."]
[Result "1-0"]
[WhiteElo "2791"]
[BlackElo "2628"]
[PlyCount "156"]
[EventDate "2015.07.05"]

1. c4 c5 2. Nc3 Nc6 3. Nf3 Nf6 4. e3 e6 5. d4 d5 6. cxd5 exd5 7. Bb5 Bd6 8.
dxc5 Bxc5 9. O-O O-O 10. b3 Bg4 11. Bb2 a6 12. Bxc6 bxc6 13. Rc1 Bd6 14. Ne2
Rc8 15. Ne5 Bxe5 16. Bxe5 Qe7 17. Bxf6 Qxf6 18. f3 Bd7 19. Qd4 Qe7 20. Nc3 Rfe8
21. Rfe1 h5 22. Na4 Rb8 23. Nc5 a5 24. Qc3 Rb5 25. e4 Qd6 26. e5 Qe7 27. a3 Bf5
28. Qd4 Qg5 29. Kf2 Qg6 30. Re3 Qg5 31. Rce1 Qe7 32. Rc1 Qg5 33. Rcc3 Qe7 34.
Kg1 Qg5 35. Kf1 Qe7 36. Kf2 Qg5 37. g3 Qe7 38. Kg2 Be6 39. h3 g6 40. Re1 Kg7
41. Rec1 Bc8 42. Re3 Be6 43. Re2 Kg8 44. Rd2 Bc8 45. Re2 Be6 46. Kh2 Kg7 47.
Qc3 Kg8 48. Qd4 Kg7 49. Ree1 Kg8 50. Re3 Kg7 51. Re2 Kg8 52. Rc3 Kg7 53. Rg2
Kg8 54. g4 hxg4 55. fxg4 Kg7 56. Rf2 Qg5 57. b4 axb4 58. axb4 Kg8 59. Nd3 Bd7
60. Ra3 Rbb8 61. Ra7 Be6 62. Ra6 Bd7 63. Ra7 Be6 64. Kg3 Ra8 65. h4 Qh6 66. Nf4
g5 67. Nh5 Rxa7 68. Qxa7 gxh4+ 69. Kxh4 Kh8 70. g5 Qh7 71. Qd4 Qe4+ 72. Qxe4
dxe4 73. Nf6 Rb8 74. g6 fxg6 75. Kg5 Kg7 76. Rh2 Rb5 77. Ne8+ Kf8 78. Nc7 Bc4
1-0

[Event "Dutch Championship 2015"]
[Site "Amsterdam NED"]
[Date "2015.07.11"]
[Round "6"]
[White "Van Wely, L."]
[Black "Bok, B."]
[Result "1-0"]
[WhiteElo "2647"]
[BlackElo "2562"]
[PlyCount "87"]
[EventDate "2015.07.05"]

1. Nf3 Nf6 2. g3 c5 3. Bg2 Nc6 4. O-O e5 5. e4 Be7 6. Re1 O-O 7. c3 Re8 8. Na3
d6 9. h3 h6 10. d3 Be6 11. Kh2 Bf8 12. Nc2 g6 13. d4 exd4 14. cxd4 d5 15. exd5
Bxd5 16. dxc5 Be4 17. Ne3 Bxc5 18. Bd2 Nb4 19. Bc3 Nfd5 20. Nxd5 Qxd5 21. Qxd5
Bxd5 22. Rxe8+ Rxe8 23. Ne5 Bxg2 24. Kxg2 Bd6 25. Ng4 Re6 26. Nxh6+ Kf8 27. Ng4
Nd5 28. Bd4 b6 29. Rd1 Ke7 30. Kf3 f5 31. Ne3 Nxe3 32. Bxe3 Be5 33. Bg5+ Bf6
34. Bxf6+ Kxf6 35. Rd7 Rc6 36. Rxa7 Rc2 37. b4 Rb2 38. a3 Rb3+ 39. Kg2 f4 40.
gxf4 Kf5 41. Rf7+ Ke6 42. Rb7 Rxa3 43. Rxb6+ Kf5 44. b5 1-0

[Event "Dutch Championship 2015"]
[Site "Amsterdam NED"]
[Date "2015.07.11"]
[Round "6"]
[White "Pruijssers, R."]
[Black "Ernst, S."]
[Result "1/2-1/2"]
[WhiteElo "2507"]
[BlackElo "2545"]
[PlyCount "94"]
[EventDate "2015.07.05"]

1. e4 e5 2. Nf3 Nc6 3. Bc4 Bc5 4. O-O Nf6 5. d3 O-O 6. h3 d6 7. c3 Bb6 8. a4 a6
9. b4 Be6 10. Nbd2 Qd7 11. Bb3 Ba7 12. Bc2 h6 13. Kh2 Nh7 14. b5 axb5 15. axb5
Ne7 16. d4 f6 17. Bb3 Rfd8 18. Bxe6+ Qxe6 19. Qb3 Nf8 20. Bb2 Qxb3 21. Nxb3 Ne6
22. c4 exd4 23. Nfxd4 Bxd4 24. Bxd4 Ng6 25. Rxa8 Rxa8 26. Ra1 Rxa1 27. Bxa1 Kf7
28. g3 Ne5 29. Bxe5 fxe5 30. h4 Kf6 31. Nd2 g6 32. Kg2 h5 33. Kf3 g5 34. hxg5+
Kxg5 35. Kg2 Nc5 36. Nf3+ Kf6 37. Nd2 Nd3 38. Nf3 Nb2 39. Nd2 Kg5 40. Nf3+ Kf6
41. Nd2 Nd3 42. Nf3 Nc5 43. Nd2 Kg6 44. Kh3 Nd3 45. Kg2 Ne1+ 46. Kf1 Nc2 47.
Kg2 Ne1+ 1/2-1/2

[Event "Dutch Championship 2015"]
[Site "Amsterdam NED"]
[Date "2015.07.11"]
[Round "6"]
[White "Tiviakov, S."]
[Black "Van Kampen, R."]
[Result "0-1"]
[WhiteElo "2639"]
[BlackElo "2609"]
[PlyCount "70"]
[EventDate "2015.07.05"]

1. e4 e6 2. d4 d5 3. Nd2 c5 4. exd5 Qxd5 5. dxc5 Nf6 6. Ngf3 Qxc5 7. Bd3 Be7 8.
O-O O-O 9. Qe2 Nbd7 10. a4 Qc7 11. a5 Nc5 12. Bc4 b6 13. a6 Bd7 14. Nd4 Rac8
15. N2f3 Rfd8 16. Nb5 Qb8 17. Ne5 Be8 18. Bf4 Qa8 19. f3 Nd5 20. Bg3 f6 21. Ng4
e5 22. f4 Bxb5 23. Bxb5 Ne6 24. fxe5 Nd4 25. Qe4 f5 26. Rxf5 Nxb5 27. c4 Nd4
28. Nh6+ gxh6 29. Qg4+ Bg5 30. Rxg5+ hxg5 31. Qxg5+ Kh8 32. cxd5 Rg8 33. Qf6+
Rg7 34. Rd1 Ne2+ 35. Kh1 Qxd5 0-1

[Event "Dutch Championship 2015"]
[Site "Amsterdam NED"]
[Date "2015.07.12"]
[Round "7"]
[White "Van Kampen, R."]
[Black "Giri, A."]
[Result "1/2-1/2"]
[WhiteElo "2609"]
[BlackElo "2791"]
[PlyCount "30"]
[EventDate "2015.07.05"]

1. e4 e5 2. Nf3 Nc6 3. Nc3 Nf6 4. d4 exd4 5. Nxd4 Bb4 6. Nxc6 bxc6 7. Bd3 d5 8.
exd5 cxd5 9. O-O O-O 10. h3 Re8 11. Qf3 c6 12. Bg5 h6 13. Bxf6 Qxf6 14. Qxf6
gxf6 15. Ne2 Rb8 1/2-1/2

[Event "Dutch Championship 2015"]
[Site "Amsterdam NED"]
[Date "2015.07.12"]
[Round "7"]
[White "Bok, B."]
[Black "Tiviakov, S."]
[Result "1-0"]
[WhiteElo "2562"]
[BlackElo "2639"]
[PlyCount "107"]
[EventDate "2015.07.05"]

1. e4 e6 2. d4 d5 3. Nc3 Nf6 4. e5 Nfd7 5. f4 c5 6. Nf3 Nc6 7. Be3 Be7 8. Qd2
O-O 9. dxc5 Bxc5 10. O-O-O Qb6 11. Nd4 Nxd4 12. Bxd4 Bxd4 13. Qxd4 Qxd4 14.
Rxd4 a6 15. Be2 b6 16. b3 Ra7 17. Kb2 Rc7 18. Nd1 Bb7 19. Ne3 b5 20. a4 bxa4
21. Rxa4 g5 22. Ng4 f5 23. exf6 Nxf6 24. fxg5 Ne4 25. Re1 Nxg5 26. Bxa6 Bxa6
27. Rxa6 Rf4 28. h3 h5 29. g3 Rf3 30. Ne5 Rxg3 31. h4 Ne4 32. Rxe6 Kh7 33. Rc6
Rxc6 34. Nxc6 Rh3 35. Ne7 Rxh4 36. Nxd5 Kg6 37. b4 Kf5 38. Kb3 Rh3+ 39. Kc4 h4
40. b5 Rg3 41. b6 Rg7 42. Kd4 Nd6 43. c4 Rg4+ 44. Kc5 Nb7+ 45. Kb4 Re4 46. Ne7+
Ke5 47. Ng6+ Kf5 48. Rxe4 Kxe4 49. Nxh4 Ke5 50. Kb5 Kd4 51. Nf5+ Ke5 52. c5
Kxf5 53. c6 Nd6+ 54. Ka6 1-0

[Event "Dutch Championship 2015"]
[Site "Amsterdam NED"]
[Date "2015.07.12"]
[Round "7"]
[White "L'Ami, E."]
[Black "Pruijssers, R."]
[Result "1/2-1/2"]
[WhiteElo "2628"]
[BlackElo "2507"]
[PlyCount "47"]
[EventDate "2015.07.05"]

1. d4 f5 2. Bf4 Nf6 3. e3 e6 4. Nf3 b6 5. Be2 Bb7 6. O-O Be7 7. c4 O-O 8. Nc3
d6 9. h3 h6 10. Qb3 Nbd7 11. c5 Nd5 12. cxd6 cxd6 13. Nxd5 Bxd5 14. Bc4 Nf6 15.
Bh2 Qd7 16. Rac1 Rfc8 17. Bxd5 Nxd5 18. Nd2 Rxc1 19. Rxc1 Rc8 20. Rxc8+ Qxc8
21. Qc4 Qd7 22. a4 Kf7 23. Kf1 Qb7 24. Ke2 1/2-1/2